Практические занятия по курсу "Физиология человека и животных" (Запись № 1104746)

Подробности
000 -МАРКЕР
контрольное поле 01841nam0a2200337 4500
001 - ИДЕНТИФИКАТОР ЗАПИСИ
контрольное поле RU\NLR\bibl\496918
005 - ИДЕНТИФИКАТОР ВЕРСИИ
контрольное поле 20260407084516.0
010 ## - МЕЖДУНАРОДНЫЙ СТАНДАРТНЫЙ НОМЕР КНИГИ (ISBN)
Номер (ISBN) 5-94087-124-0
Тираж 1500
021 ## - НОМЕР ГОСУДАРСТВЕННОЙ РЕГИСТРАЦИИ
Код страны Российская Федерация
Номер 2003-73787
Номер Листа государственной регистраци 3654
035 ## - ДРУГИЕ СИСТЕМНЫЕ НОМЕРА
Идентификатор записи (NLR Aleph) 000489540
100 ## - ДАННЫЕ ОБЩЕЙ ОБРАБОТКИ
Данные общей обработки 20040303d2003 |||y0rusy50 ca
101 0# - ЯЗЫК РЕСУРСА
Язык текста, звукозаписи и т.д. русский
102 ## - СТРАНА ПУБЛИКАЦИИ ИЛИ ПРОИЗВОДСТВА
Страна публикации Российская Федерация
105 ## - ПОЛЕ КОДИРОВАННЫХ ДАННЫХ: ТЕКСТОВЫЕ МАТЕРИАЛЫ, МОНОГРАФИЧЕСКИЕ
Кодированные данные о монографическом текстовом документе a |||||||||
200 1# - ЗАГЛАВИЕ И СВЕДЕНИЯ ОБ ОТВЕТСТВЕННОСТИ
Основное заглавие Практические занятия по курсу "Физиология человека и животных"
Сведения, относящиеся к заглавию [Учеб. пособие для студентов высш. и сред. спец. учеб. заведений]
Первые сведения об ответственности М-во образования Рос. Федерации, Новосиб. гос. пед. ун-т
Последующие сведения об ответственности [Авт.-сост. Айзман Р.И. - д.б.н., проф. и др.]
-- Под общ. ред.: Засл. деят. науки РФ, д.б.н., проф. Р.И. Айзмана, к.б.н., доц. И.А. Дюкарева
210 ## - ПУБЛИКАЦИЯ, РАСПРОСТРАНЕНИЕ И ДР.
Место издания, распространения и т.д. Новосибирск
Имя издателя, распространителя и т. д. Сиб. унив. изд-во
Дата издания, распространения и т.д. 2003
215 ## - ФИЗИЧЕСКАЯ ХАРАКТЕРИСТИКА
Специфическое обозначение материала и объем 118, [1] с.
Другие сведения о физической характеристике ил.
Размеры 26
320 ## - ПРИМЕЧАНИЯ О НАЛИЧИИ В ДОКУМЕНТЕ БИБЛИОГРАФИИ / УКАЗАТЕЛЯ
Текст примечания Библиогр.: с. 113-115
517 0# - ДРУГИЕ ВАРИАНТЫ ЗАГЛАВИЯ
Вариант заглавия Физиология человека и животных
606 0# - НАИМЕНОВАНИЕ ТЕМЫ КАК ПРЕДМЕТ
Наименование темы Физиология
Формальный подзаголовок Руководства, пособия и т.п.
Системный номер авторитетной/нормативной записи 893347
Идентификатор авторитетной/нормативной записи RU\NLR\auth\663241
606 0# - НАИМЕНОВАНИЕ ТЕМЫ КАК ПРЕДМЕТ
Наименование темы Физиология
Формальный подзаголовок Учебные издания
Системный номер авторитетной/нормативной записи 893347
Идентификатор авторитетной/нормативной записи RU\NLR\auth\663241
686 ## - ИНДЕКСЫ ДРУГИХ КЛАССИФИКАЦИЙ
Индекс Е903я7
702 #1 - ИМЯ ЛИЦА - ВТОРИЧНАЯ ОТВЕТСТВЕННОСТЬ
Код отношения Составитель
Материалы, к которым относится поле rus
Графика поля Кириллица
Начальный элемент ввода Айзман
Часть имени, кроме начального элемента ввода Р. И.
Даты 1947-
Расширение инициалов личного имени Роман Иделевич
Идентификатор авторитетной/нормативной записи RU\NLR\auth\7742652
Системный номер авторитетной/нормативной записи 25595
712 02 - НАИМЕНОВАНИЕ ОРГАНИЗАЦИИ - ВТОРИЧНАЯ ОТВЕТСТВЕННОСТЬ
Код отношения Прочие
Начальный элемент ввода Новосибирский государственный педагогический университет
Идентификатор авторитетной/нормативной записи RU\NLR\AUTH\8812496
Системный номер авторитетной/нормативной записи 297761
801 #0 - ИСТОЧНИК ЗАПИСИ
Страна Российская Федерация
Организация NLR
Дата составления 20040303
Правила каталогизации PSBO
801 #1 - ИСТОЧНИК ЗАПИСИ
Страна Российская Федерация
Организация NLR
Дата составления 20040303
942 ## - ДОПОЛНИТЕЛЬНЫЕ ЭЛЕМЕНТЫ ЗАПИСИ (АБИС)
Тип экземпляра АБИС Книга
980 ## - КОЛЛЕКЦИЯ
Название коллекции Национальная библиография
Экземпляры
Тип экземпляра Дата поступления Источник поступления Библиотека постоянного хранения Библиотека текущего хранения Место хранения Шифр хранения Штрих-код Статус экземпляра
Книга 03.03.2004 Обязательный экземпляр РНБ (Московский) РНБ (Московский) Русский книжный фонд: издания с 1957 года 2004-7/895 646422  
Книга 03.03.2004 Обязательный экземпляр РНБ (Московский) РНБ (Московский) Русский книжный фонд: издания с 1957 года 2004-7/895 646424